000 01487cam a2200349 a 4500
005 20260322212053.0
008 data
010 _a 82072809
020 _a0893811092 :
_c{dollar}35.00
020 _a0893811211 (pbk.)
020 _a0893811203 (museum catalogue ed.)
020 _a9780893811099 :
_c{dollar}35.00
020 _a9780893811204 (museum catalogue ed.)
020 _a9780893811211 (pbk.)
040 _aDLC
_cDLC
_dDLC
043 _aa-cc-ti
050 0 0 _aDS786
_b.T497 1983
082 0 0 _a951/.504
_219
092 _a951 T497 1983
245 1 0 _aTibet, the sacred realm :
_bphotographs, 1880-1950 /
_cLobsang Phuntshok Lhalungpa, Academy of Natural Sciences of Philadelphia & Philadelphia Museum of Art.
260 _a[New York] :
_bDistributed in the U.S. by Viking Penguin,
_a[New York] :
_bDistributed in the U.S. by Viking Penguin,
_cc1983.
300 _a159 p. :
_bill. ;
_c24 cm.
500 _aCatalog of an exhibition presented at the Philadelphia Museum of Art, Mar. 20-May 22, 1983.
504 _aBibliography: p. 157-158.
651 0 _aTibet Autonomous Region (China)
_vPictorial works.
700 1 _aLhalungpa, Lobsang Phuntshok,
_d1926-
710 2 _aAcademy of Natural Sciences of Philadelphia.
710 2 _aPhiladelphia Museum of Art.
856 4 2 _3Contributor biographical information
_uhttp://www.loc.gov/catdir/bios/hol054/82072809.html
856 4 2 _3Publisher description
_uhttp://www.loc.gov/catdir/description/hol042/82072809.html
001 data
999 _c1251
_d1251